000 00585cam a2200145 4500500
005 20251228093425.0
041 _afre
042 _adc
100 1 0 _aCerovic, Masha
_eauthor
245 0 0 _aKarel C. BERKHOFF Harvest of Despair. Life and Death in Ukraine under Nazi Rule Cambridge : Belknak Press of Harvard University Press, 2004, 463p.
260 _c2005.
500 _a33
786 0 _nCahiers du monde russe | Vol 46 | 4 | 2005-11-01 | p. 859v-990v | 1252-6576
856 4 1 _uhttps://shs.cairn.info/revue-cahiers-du-monde-russe-2005-4-page-859v?lang=fr&redirect-ssocas=7080
999 _c1604348
_d1604348